000 00468nam a2200181Ia 4500
001 22621
005 20260414150843.0
008 260414t2002||||xx |||||||||||||| ||spa||
041 _aESP
082 _a621.3822
_bH57
100 _aHippenstiel, Ralph Dieter
_eAUT
245 0 _aDetection theory :
_bapplications and digital signal processing
260 _c2002
300 _a325 páginas :
_c24 cm.
650 _aTCA
654 _aCET
942 _cLIB
_dJUS
_fJUS
_2ddc
_n
999 _c22621
_d22621